| 000 | 01266nam a22001937a 4500 | ||
|---|---|---|---|
| 008 | 160218e20230720xxk|||||o|||| 00| 0 eng d | ||
| 041 | _aeng | ||
| 110 | _aRoyal Institution of Chartered Surveyors | ||
| 245 |
_aThe English Housing Survey 2023: _bRICS Analysis _h[Electronic resource] |
||
| 260 |
_aLondon, _bRoyal Institution of Chartered Surveyors, _c20 July 2023 |
||
| 520 | _aThe results of the latest English Housing Survey demonstrate why it is important that we continue to drive up standards and quality, while also addressing affordability and the essential requirement to create low-carbon, energy-efficient homes. The annual English Housing Survey explores a range of metrics to evaluate the condition of the sector, and this year surveyed almost 10,000 households on a range of matters including housing satisfaction, energy efficiency and affordability. | ||
| 650 | _aHOUSING | ||
| 651 | _aEngland | ||
| 690 |
_96266 _aResidential property |
||
| 710 | _aRoyal Institution of Chartered Surveyors | ||
| 856 |
_uhttps://www.rics.org/news-insights/english-housing-survey-2023 _zSummary free on RICS.org |
||
| 856 |
_uhttps://www.gov.uk/government/collections/english-housing-survey _zUK Government full data set of English Housing Survey |
||
| 942 | _n0 | ||
| 999 |
_c121627 _d121627 |
||